[Event "Budapest One Week IM-A 03"]
[Site "Budapest"]
[Date "2025.03.20"]
[Round "6"]
[White "Rydstrom, Tom"]
[Black "Krizsany, Laszlo"]
[Result "1/2-1/2"]
[WhiteElo "2301"]
[BlackElo "2287"]
[PlyCount "32"]
[EventDate "2025.03.17"]
[EventType "tourn"]
[EventRounds "9"]
[EventCountry "HUN"]
[SourceTitle "CB13_2025"]
[SourceDate "2025.03.26"]
[SourceVersion "1"]
[SourceVersionDate "2025.03.26"]
[SourceQuality "1"]

1. e4 c6 2. Nf3 d5 3. d3 dxe4 4. dxe4 Qxd1+ 5. Kxd1 g6 6. Nbd2 Bg7 7. Ne1 f5 8. Nd3 Nf6 9. e5 Ng4 10. Nf3 Nd7 11. Bf4 g5 12. Bxg5 Ndxe5 13. Nfxe5 Nxe5 14. Nxe5 Bxe5 15. c3 Rg8 16. f4 Be6 1/2-1/2

[Event "Budapest One Week IM-A 03"]
[Site "Budapest"]
[Date "2025.03.19"]
[Round "4"]
[White "Foldes, Marton Gabor"]
[Black "Krizsany, Laszlo"]
[Result "0-1"]
[WhiteElo "2332"]
[BlackElo "2287"]
[PlyCount "60"]
[EventDate "2025.03.17"]
[EventType "tourn"]
[EventRounds "9"]
[EventCountry "HUN"]
[SourceTitle "CB13_2025"]
[SourceDate "2025.03.26"]
[SourceVersion "1"]
[SourceVersionDate "2025.03.26"]
[SourceQuality "1"]

1. e4 c6 2. d4 d5 3. e5 Bf5 4. Nf3 e6 5. Be2 c5 6. c3 Nc6 7. 0-0 cxd4 8. Nxd4 Nge7 9. Bb5 a6 10. Bxc6+ bxc6 11. b4 Qc7 12. Qa4 Bd3 13. Rd1 Bb5 14. Qc2 c5 15. bxc5 Ng6 16. Na3 Bxc5 17. Naxb5 axb5 18. Nxb5 Qxe5 19. Bb2 0-0 20. c4 Qf4 21. cxd5 Rfc8 22. Nc3 Ne5 23. Rf1 Ng4 24. g3 Qh6 25. h4 exd5 26. Qf5 Qe6 27. Qxd5 Nxf2 28. Rxf2 Bxf2+ 29. Kg2 Qxd5+ 30. Nxd5 Rc2 0-1

[Event "Budapest One Week IM-A 03"]
[Site "Budapest"]
[Date "2025.03.19"]
[Round "5"]
[White "Krizsany, Laszlo"]
[Black "Horvath, David G"]
[Result "1/2-1/2"]
[WhiteElo "2287"]
[BlackElo "2279"]
[PlyCount "43"]
[EventDate "2025.03.17"]
[EventType "tourn"]
[EventRounds "9"]
[EventCountry "HUN"]
[SourceTitle "CB13_2025"]
[SourceDate "2025.03.26"]
[SourceVersion "1"]
[SourceVersionDate "2025.03.26"]
[SourceQuality "1"]

1. d4 Nf6 2. c4 g6 3. Nf3 Bg7 4. g3 0-0 5. Bg2 d6 6. Nc3 Bf5 7. Nh4 Bc8 8. Nf3 Bf5 9. Nh4 Bc8 10. Nf3 Nbd7 11. 0-0 e5 12. Qc2 h6 13. h3 Re8 14. e4 Nh7 15. Rd1 Ng5 16. Nxg5 hxg5 17. d5 a5 18. a3 Bf6 19. Rb1 Kg7 20. b4 b6 21. Be3 Be7 22. Na4 1/2-1/2

[Event "WchT Seniors 50"]
[Site "Prague"]
[Date "2025.02.25"]
[Round "8.4"]
[White "Liang, Zhihua"]
[Black "Krizsany, Laszlo"]
[Result "1/2-1/2"]
[WhiteElo "2205"]
[BlackElo "2303"]
[PlyCount "37"]
[EventDate "2025.02.17"]
[EventType "team-swiss"]
[EventRounds "9"]
[EventCountry "CZE"]
[SourceTitle "CB09_2025"]
[SourceDate "2025.02.27"]
[SourceVersion "1"]
[SourceVersionDate "2025.02.27"]
[SourceQuality "1"]
[WhiteTeam "China (W) 50"]
[BlackTeam "Hungary 50"]
[WhiteTeamCountry "CHN"]
[BlackTeamCountry "HUN"]

1. e4 b6 2. d4 Bb7 3. Bd3 e6 4. Nf3 c5 5. c3 Nf6 6. Nbd2 d5 7. e5 Nfd7 8. 0-0 Be7 9. Re1 cxd4 10. cxd4 Ba6 11. Bb1 Nc6 12. Nf1 Rc8 13. Ng3 h5 14. h3 Rc7 15. Be3 g6 16. Ne2 Qc8 17. Nf4 Nf8 18. Nd3 Bb5 19. b3 1/2-1/2

[Event "Budapest SixDays 01 IM-B"]
[Site "Budapest"]
[Date "2025.01.31"]
[Round "9"]
[White "Ongut, Tamas Gunes"]
[Black "Krizsany, Laszlo"]
[Result "1/2-1/2"]
[WhiteElo "2262"]
[BlackElo "2303"]
[PlyCount "28"]
[EventDate "2025.01.26"]
[EventType "tourn"]
[EventRounds "9"]
[EventCountry "HUN"]
[SourceTitle "CB06_2025"]
[SourceDate "2025.02.05"]
[SourceVersion "1"]
[SourceVersionDate "2025.02.05"]
[SourceQuality "1"]

1. e4 c6 2. d4 d5 3. exd5 cxd5 4. c4 Nf6 5. Nc3 e6 6. c5 Be7 7. Bb5+ Bd7 8. Bxd7+ Qxd7 9. b4 Ne4 10. Nge2 Bf6 11. Be3 Nxc3 12. Nxc3 Nc6 13. Rb1 e5 14. dxe5 Bxe5 1/2-1/2

[Event "Budapest SixDays 01 IM-B"]
[Site "Budapest"]
[Date "2025.01.27"]
[Round "3"]
[White "Senthil, Maran K"]
[Black "Krizsany, Laszlo"]
[Result "1/2-1/2"]
[WhiteElo "2398"]
[BlackElo "2303"]
[PlyCount "29"]
[EventDate "2025.01.26"]
[EventType "tourn"]
[EventRounds "9"]
[EventCountry "HUN"]
[SourceTitle "CB06_2025"]
[SourceDate "2025.02.05"]
[SourceVersion "1"]
[SourceVersionDate "2025.02.05"]
[SourceQuality "1"]

1. Nf3 f5 2. g3 Nf6 3. Bg2 d6 4. d4 g6 5. 0-0 Bg7 6. c4 0-0 7. Nc3 Qe8 8. Re1 Qf7 9. e4 fxe4 10. Nxe4 Qxc4 11. Neg5 Nc6 12. Bf1 Qb4 13. Bd2 Qb6 14. a4 a5 15. d5 1/2-1/2

[Event "Budapest One Week IM-A 12"]
[Site "Budapest"]
[Date "2024.12.19"]
[Round "7"]
[White "Krizsany, Laszlo"]
[Black "Fodor, Balazs"]
[Result "1/2-1/2"]
[WhiteElo "2316"]
[BlackElo "2192"]
[PlyCount "103"]
[EventDate "2024.12.16"]
[EventType "tourn"]
[EventRounds "9"]
[EventCountry "HUN"]
[SourceTitle "CB52_2024"]
[SourceDate "2024.12.25"]
[SourceVersion "1"]
[SourceVersionDate "2024.12.25"]
[SourceQuality "1"]

1. b3 Nf6 2. Bb2 g6 3. e4 Bg7 4. e5 Nd5 5. c4 Nf4 6. g3 Ne6 7. d4 d6 8. Nf3 0-0 9. exd6 exd6 10. Bg2 c5 11. 0-0 Nc6 12. Na3 Nexd4 13. Nxd4 Nxd4 14. Nc2 Ne2+ 15. Qxe2 Bxb2 16. Rad1 Re8 17. Qd2 Be5 18. h3 Rb8 19. Kh2 b6 20. Rfe1 Bf5 21. Bc6 Bd7 22. Bxd7 Qxd7 23. Kg2 b5 24. cxb5 Qxb5 25. Qd5 Qa6 26. a4 Red8 27. Rd3 Kg7 28. h4 h5 29. Re4 Rf8 30. Ne3 f5 31. Rxe5 dxe5 32. Qxe5+ Qf6 33. Rd7+ Kg8 34. Qxc5 Rbc8 35. Qxa7 Rf7 36. Rxf7 Qxf7 37. Qa6 Rf8 38. b4 f4 39. gxf4 Kh7 40. f5 gxf5 41. Qc6 f4 42. Qe4+ Kh8 43. Qe5+ Kh7 44. Qe4+ Kg8 45. Nd5 f3+ 46. Kh2 Qg7 47. Ne3 Qc7+ 48. Kh3 Qd7+ 49. Kh2 Qc7+ 50. Kh3 Qd7+ 51. Kh2 Qc7+ 52. Kh3 1/2-1/2

[Event "HUN-chT 2425"]
[Site "Hungary"]
[Date "2024.12.15"]
[Round "4.8"]
[White "Ongut, Tamas Gunes"]
[Black "Krizsany, Laszlo"]
[Result "1/2-1/2"]
[WhiteElo "2215"]
[BlackElo "2316"]
[PlyCount "66"]
[EventDate "2024.11.02"]
[EventType "team-tourn"]
[EventRounds "9"]
[EventCountry "HUN"]
[SourceTitle "CB16_2025"]
[SourceDate "2025.04.16"]
[SourceVersion "1"]
[SourceVersionDate "2025.04.16"]
[SourceQuality "1"]
[WhiteTeam "Budapest MTK"]
[BlackTeam "Kobanya Aquarena"]
[WhiteTeamCountry "HUN"]
[BlackTeamCountry "HUN"]

1. e4 c6 2. d4 d5 3. e5 Bf5 4. h4 h5 5. Bd3 Bxd3 6. Qxd3 e6 7. Bg5 Qa5+ 8. Nd2 Qa6 9. c4 Bb4 10. b3 Ne7 11. Ngf3 Nf5 12. 0-0 Nd7 13. a3 Bxd2 14. Bxd2 0-0 15. Qc3 Rfc8 16. Rfc1 dxc4 17. bxc4 b5 18. a4 bxc4 19. Qxc4 Qxc4 20. Rxc4 Nb6 21. Rc5 Rab8 22. a5 Nd7 23. Rc4 Rb5 24. Rac1 Nb8 25. Rb4 a6 26. g3 Rd8 27. Kg2 Rdd5 28. Rbc4 Kf8 29. R1c2 Ke8 30. Be1 Ke7 31. Bb4+ Ke8 32. Be1 Ke7 33. Bb4+ Ke8 1/2-1/2

[Event "HUN-chT 2425"]
[Site "Hungary"]
[Date "2024.12.14"]
[Round "3.5"]
[White "Ruck, Tamas"]
[Black "Krizsany, Laszlo"]
[Result "1/2-1/2"]
[WhiteElo "2240"]
[BlackElo "2316"]
[PlyCount "27"]
[EventDate "2024.11.02"]
[EventType "team-tourn"]
[EventRounds "9"]
[EventCountry "HUN"]
[SourceTitle "CB16_2025"]
[SourceDate "2025.04.16"]
[SourceVersion "1"]
[SourceVersionDate "2025.04.16"]
[SourceQuality "1"]
[WhiteTeam "Haladas"]
[BlackTeam "Kobanya Aquarena"]
[WhiteTeamCountry "HUN"]
[BlackTeamCountry "HUN"]

1. e4 e5 2. Nf3 Nc6 3. Bb5 a6 4. Ba4 Nf6 5. 0-0 b5 6. Bb3 Be7 7. Re1 d6 8. c3 0-0 9. h3 Re8 10. Ng5 Rf8 11. Nf3 Re8 12. Ng5 Rf8 13. Nf3 Re8 14. Ng5 1/2-1/2

[Event "Budapest One Week IM-A 08"]
[Site "Budapest"]
[Date "2024.08.17"]
[Round "5"]
[White "Krizsany, Laszlo"]
[Black "Polyik, Peter"]
[Result "1/2-1/2"]
[WhiteElo "2325"]
[BlackElo "2297"]
[PlyCount "20"]
[EventDate "2024.08.14"]
[EventType "tourn"]
[EventRounds "9"]
[EventCountry "HUN"]
[SourceTitle "EXT 2025"]
[Source "ChessBase"]
[SourceDate "2024.10.14"]
[SourceVersion "1"]
[SourceVersionDate "2024.10.14"]
[SourceQuality "1"]

1. e4 e6 2. d4 d5 3. Nd2 c5 4. exd5 Qxd5 5. Ngf3 cxd4 6. Bc4 Qd7 7. Nb3 Nc6 8. Nbxd4 Nxd4 9. Qxd4 Qxd4 10. Nxd4 a6 1/2-1/2

[Event "Budapest One Week IM-A 08"]
[Site "Budapest"]
[Date "2024.08.15"]
[Round "2"]
[White "Fodor, Balazs"]
[Black "Krizsany, Laszlo"]
[Result "1/2-1/2"]
[WhiteElo "2244"]
[BlackElo "2325"]
[PlyCount "33"]
[EventDate "2024.08.14"]
[EventType "tourn"]
[EventRounds "9"]
[EventCountry "HUN"]
[SourceTitle "EXT 2025"]
[Source "ChessBase"]
[SourceDate "2024.10.14"]
[SourceVersion "1"]
[SourceVersionDate "2024.10.14"]
[SourceQuality "1"]

1. d4 e6 2. c4 b6 3. a3 Bb7 4. Nc3 f5 5. d5 Nf6 6. Nf3 Na6 7. b4 Bd6 8. g3 c6 9. Bg2 cxd5 10. Nd4 Rc8 11. Ncb5 Bb8 12. cxd5 0-0 13. Bg5 h6 14. Bxf6 Qxf6 15. 0-0 e5 16. Nb3 d6 17. e4 1/2-1/2

[Event "EU-chT Seniors 50"]
[Site "Terme Catez"]
[Date "2024.05.07"]
[Round "1.3"]
[White "Krizsany, Laszlo"]
[Black "Mengerink, Ynze"]
[Result "1-0"]
[WhiteElo "2334"]
[BlackElo "2085"]
[PlyCount "79"]
[EventDate "2024.05.07"]
[EventType "team-swiss"]
[EventRounds "9"]
[EventCountry "SLO"]
[SourceTitle "CBM 220 Extra"]
[Source "ChessBase"]
[SourceDate "2024.07.31"]
[SourceVersion "1"]
[SourceVersionDate "2024.07.31"]
[SourceQuality "1"]
[WhiteTeam "Hungary 50"]
[BlackTeam "Netherlands Zuid Limburg 50"]
[WhiteTeamCountry "HUN"]
[BlackTeamCountry "NED"]

1. d4 d5 2. c4 e6 3. Nc3 Nf6 4. cxd5 exd5 5. Bg5 c6 6. e3 Bd6 7. Bd3 0-0 8. Qc2 h6 9. Bh4 Re8 10. Nge2 a5 11. a3 Na6 12. h3 Nc7 13. 0-0 Ne6 14. Rae1 Ng5 15. f4 Ne6 16. Kh1 Be7 17. Ng1 Ne4 18. Bf2 Nxf2+ 19. Qxf2 b6 20. Nf3 Ba6 21. Bxa6 Rxa6 22. Ne5 Qd6 23. Rc1 b5 24. Qe2 a4 25. Na2 Rc8 26. Nb4 Rb6 27. Qh5 Nd8 28. Rc2 c5 29. Qf3 cxb4 30. Rxc8 Kh7 31. axb4 f6 32. Nd3 Nc6 33. Qg4 Rb8 34. Rxb8 Nxb8 35. f5 Bd8 36. Qg6+ Kg8 37. Qe8+ Kh7 38. Nf4 Qe7 39. Qxe7 Bxe7 40. Nxd5 1-0

[Event "Budapest SixDays 03 IM"]
[Site "Budapest"]
[Date "2024.04.03"]
[Round "7"]
[White "Krizsany, Laszlo"]
[Black "Radzimski, Antoni"]
[Result "1/2-1/2"]
[WhiteElo "2339"]
[BlackElo "2224"]
[PlyCount "102"]
[EventDate "2024.03.30"]
[EventType "tourn"]
[EventRounds "9"]
[EventCountry "HUN"]
[SourceTitle "CBM 219 Extra"]
[Source "ChessBase"]
[SourceDate "2024.05.31"]
[SourceVersion "1"]
[SourceVersionDate "2024.05.31"]
[SourceQuality "1"]

1. d4 Nf6 2. c4 e6 3. Nf3 Bb4+ 4. Bd2 a5 5. g3 d5 6. Bg2 0-0 7. 0-0 dxc4 8. Qc2 Bxd2 9. Nbxd2 b5 10. a4 c6 11. b3 cxb3 12. Nxb3 Ba6 13. Rfc1 bxa4 14. Nc5 Bb5 15. Nxa4 Na6 16. Nc3 Nb4 17. Qd2 Qb6 18. e4 Rfd8 19. e5 Nfd5 20. Ne4 Nd3 21. Rcb1 N5b4 22. Nd6 c5 23. Ng5 Ra7 24. Be4 h6 25. Nf3 c4 26. Bxd3 Rxd6 27. exd6 cxd3 28. Qf4 Ra6 29. Ra3 Qxd6 30. Qxd6 Rxd6 31. Rxa5 Bc6 32. Rxb4 Bxf3 33. Ra2 Rc6 34. Rb1 Rc4 35. Rd2 Rxd4 36. Re1 Be2 37. Kg2 e5 38. f3 Kh7 39. Kf2 f5 40. Rexe2 dxe2 41. Rxd4 exd4 42. Kxe2 Kg6 43. Kd3 Kf6 44. Kxd4 Ke6 45. f4 Kd6 46. Kc4 Kc6 47. h3 h5 48. Kd4 Kd6 49. Kc4 Kc6 50. Kd4 Kd6 51. Kc4 Kc6 1/2-1/2

[Event "HUN-chT 2324"]
[Site "Hungary"]
[Date "2024.03.03"]
[Round "5.7"]
[White "Papp, Petra"]
[Black "Krizsany, Laszlo"]
[Result "1/2-1/2"]
[WhiteElo "2318"]
[BlackElo "2351"]
[PlyCount "62"]
[EventDate "2023.10.28"]
[EventType "team-tourn"]
[EventRounds "9"]
[EventCountry "HUN"]
[SourceTitle "CBM 219 Extra"]
[Source "ChessBase"]
[SourceDate "2024.05.31"]
[SourceVersion "1"]
[SourceVersionDate "2024.05.31"]
[SourceQuality "1"]
[WhiteTeam "Dunaharaszti"]
[BlackTeam "Kobanya Aquarena"]
[WhiteTeamCountry "HUN"]
[BlackTeamCountry "HUN"]

1. e4 c6 2. d4 d5 3. Nc3 dxe4 4. Nxe4 Bf5 5. Ng3 Bg6 6. h4 h6 7. Nf3 Nd7 8. h5 Bh7 9. Bd3 Bxd3 10. Qxd3 e6 11. Bd2 Ngf6 12. 0-0-0 Qc7 13. Kb1 0-0-0 14. Ne4 Nxe4 15. Qxe4 Nf6 16. Qe2 Bd6 17. c4 c5 18. Bc3 Rhe8 19. g3 a6 20. Qe3 Qc6 21. Rh4 cxd4 22. Bxd4 Bc7 23. Qe2 Rd7 24. Rhh1 Red8 25. b3 Qe4+ 26. Qxe4 Nxe4 27. Kc2 f6 28. a4 e5 29. Be3 Rxd1 30. Rxd1 Rxd1 31. Kxd1 Kd7 1/2-1/2

[Event "Budapest Vezerkepzo IM 12"]
[Site "Budapest"]
[Date "2023.12.18"]
[Round "5"]
[White "Aslanov, Umid Fuad"]
[Black "Krizsany, Laszlo"]
[Result "1/2-1/2"]
[WhiteElo "2214"]
[BlackElo "2347"]
[PlyCount "36"]
[EventDate "2023.12.14"]
[EventType "tourn"]
[EventRounds "9"]
[EventCountry "HUN"]
[SourceTitle "CBM 217 Extra"]
[Source "ChessBase"]
[SourceDate "2024.01.31"]
[SourceVersion "1"]
[SourceVersionDate "2024.01.31"]
[SourceQuality "1"]

1. e4 e6 2. d4 b6 3. Nf3 Bb7 4. Bd3 c5 5. c3 Nf6 6. Qe2 Be7 7. a3 d5 8. exd5 Qxd5 9. dxc5 bxc5 10. 0-0 Nbd7 11. Rd1 Qh5 12. Nbd2 0-0 13. Ne4 Rfd8 14. Bf4 Qg4 15. Nxf6+ Nxf6 16. Bg3 Ne4 17. Ne5 Qxe2 18. Bxe2 Nxg3 1/2-1/2